00777nam a2200181 i 450000100060000000300090000600500170001500700030003200800410003510000280007624501940010426000620029830000300036070000350039085200320042599900170045795201210047470903ES-MaACL20230906170948.0t|040804s1923 sp ||||1| spa d1 aGaruffa, Egidio.95579710aFormulario del ingeniero b: manual práctico para los ingenieros, mecánicos y constructores / cpor Egidio Garuffa ; traducido de la cuarta edición italiana por Lino Alvarez Valdés. aBarcelona : bGustavo Gili, c1923 (fGuinart y Pujolart) a699 p. : bil. ; c19 cm.0 aAlvarez Valdés, Lino.920986 aES-MaACLjF-16343 bR.21064 c70903d70903 00104070aATENEOMbATENEOMcSPP2d2008-01-17eSCl0oF-16343p1074249r2023-02-23 00:00:00w2023-02-23yMONOGRAFIA